[Event "Marienbad GM-II 2022"]
[Site "Marianske Lazne"]
[Date "2022.01.18"]
[Round "5.7"]
[White "Sorm, Daniel"]
[Black "Finek, Vaclav"]
[Result "1/2-1/2"]
[WhiteElo "2348"]
[BlackElo "2423"]
[Annotator "TA"]
[PlyCount "106"]
[EventDate "2022.01.15"]
[EventType "tourn"]
[EventCountry "CZE"]
[SourceTitle "playchess.com"]
[Source "ChessBase"]
[SourceQuality "1"]

{[%evp 15,106,0,10,0,-13,0,13,-5,19,-13,0,29,13,0,0,0,0,-2,0,0,0,-33,-31,-43,-48,-49,-39,-83,-91,-103,-122,-117,-106,-121,-79,-192,-120,-230,-235,-283,-229,-281,-209,-193,-41,-59,-41,-34,-52,-34,-56,-64,-58,-73,0,0,0,0,0,0,0,-1154,0,-28000,-28000,-28000,-28000,-28000,-28000,-28000,-28000,-28000,-28000,-28000,-28000,-28000,-28000,-28000,-28000,-28000,-28000,-28000,-28000,-28000,-28000,-28000,-28000,-28000,-28000,-28000,-28000,-28000,-28000]} 1. d4 Nf6 2. c4 g6 3. Nc3 d5 4. cxd5 Nxd5 5. e4 Nxc3 6. bxc3 Bg7 7. Nf3 c5 8. Bb5+ Nc6 {[%cal Rc5d4]} 9. Rb1 {D85: Exchange Grünfeld: Unusual White 7th moves and lines with 7 Nf3.} O-O {[%cal Rc5d4]} 10. d5 Ne5 11. Nxe5 {The position is equal.} Bxe5 12. O-O Bxc3 (12... Qc7 {might be stronger.}) 13. Be3 $11 {[#]} a6 $146 ({Predecessor:} 13... b6 14. Qc2 Bg7 15. Bc6 Rb8 16. Bf4 e5 17. dxe6 Bxe6 18. Bxb8 Qxb8 19. f4 Qd6 {½-½ (34) Akobian,V (2614)-Grandelius,N (2661) Krasnaya Polyana 2021}) 14. Bd3 Bd4 15. Bxd4 cxd4 16. f4 e6 17. dxe6 fxe6 18. e5 b5 19. Qg4 {[%cal Od3g6]} Ra7 20. h4 Kh8 21. Rf3 (21. h5 gxh5 22. Qxh5 Rg7 $17) (21. Rf2 $15) 21... Bb7 $17 22. Rh3 Bd5 23. h5 gxh5 24. Qxh5 {[%cal Rd3h7]} (24. Rxh5 $2 Rg8 25. Rg5 Rag7 $17) 24... Rff7 (24... Bxa2 25. Bxh7 Rff7 26. Bg6+) (24... Rg7 $142 25. Rb2 Qc7) 25. g4 (25. Rb2 $17) 25... Bc4 (25... Rxf4 $2 26. Bxh7 Rxg4+ 27. Qxg4 $18) (25... Bxa2 $19 26. Ra1 Bc4 27. Rxa6 Bxd3 28. Rxa7 Rxa7 29. Rxd3 Qf8) 26. Qh6 (26. Rf1 $17) 26... Qf8 $19 27. Qxf8+ Rxf8 28. Rf1 Raf7 ({And not} 28... Bxa2 29. f5 $17) 29. f5 exf5 {[#]} ({Weaker is} 29... Bxa2 30. f6 Bc4 31. Ra1 $15) ({Black should try} 29... Rg8 $19 30. Rf4 Bxd3 31. Rxd3 Rxf5 32. Rfxd4 Rxe5) 30. Rxf5 $15 Bxd3 (30... a5 {looks sharper.} 31. Rxh7+ Rxh7 32. Rxf8+ Kg7 33. Rf3 Rh4) 31. Rxf7 Rxf7 32. Rxd3 $19 {[%mdl 4096] Endgame KR-KR} Rf4 33. Ra3 $1 Rxg4+ 34. Kf2 {[#]} Rf4+ (34... Rg6 $1 $17 {[%cal Rg6e6] Threatens to win with ...Re6.} 35. Kf3 Kg7) 35. Kg3 $11 Re4 {White must now prevent ...Re3+.} 36. Rxa6 Rxe5 37. Rd6 {Prevents Rd5.} Re2 38. Rb6 $2 {[%mdl 8192] Black converts the advantage convincingly.} (38. Rxd4 $11 Rxa2 39. Rd8+ Kg7 40. Rd7+ Kg8 41. Rd8+ Kf7 42. Rd7+ Ke6 43. Rb7) 38... Rxa2 (38... Rb2 $19 39. a3 Rb3+ 40. Kg4 Kg7) 39. Rxb5 Kg7 {Mate.} 40. Rd5 Rd2 41. Kf3 Kg6 42. Ke4 Re2+ 43. Kf3 Rd2 44. Ke4 Rf2 45. Rxd4 Kg5 46. Ke3 Rf7 47. Ke2 h5 48. Rd1 h4 49. Rf1 Rxf1 50. Kxf1 h3 51. Kg1 h2+ 52. Kh1 Kf5 53. Kg2 h1=B+ {[%mdl 32768] Weighted Error Value: White=0.36/Black=0.45. An unexpected result.} 1/2-1/2

[Event "Marienbad GM-II 2022"]
[Site "Marianske Lazne"]
[Date "2022.01.18"]
[Round "5.8"]
[White "Stefansson, Hannes"]
[Black "Wachinger, Nikolas"]
[Result "1/2-1/2"]
[WhiteElo "2518"]
[BlackElo "2360"]
[Annotator "TA"]
[PlyCount "73"]
[EventDate "2022.01.15"]
[EventType "tourn"]
[EventCountry "CZE"]
[SourceTitle "playchess.com"]
[Source "ChessBase"]
[SourceQuality "1"]

{[%evp 12,73,12,10,19,14,8,0,9,12,22,0,6,0,0,0,78,76,89,62,86,64,53,59,76,71,73,61,75,64,79,12,3,1,2,18,0,18,11,0,20,0,0,0,0,0,0,0,0,0,0,0,0,0,0,0,0,0,0,0,0,-8,0,0]} 1. e4 e5 2. Nf3 Nf6 {[%cal Bg8f6,Bf6e4,Be4c3][%mdl 32]} 3. Nxe5 d6 4. Nf3 Nxe4 5. c4 Be7 6. Nc3 Nxc3 7. dxc3 O-O {C42: Petroff Defence: 3 Nxe5 and unusual White 3rd moves.} 8. Bd3 {[%cal Bf1d3,Bd3h7,Bh7e4,Be4c6,Bc6f3][%mdl 32]} Nd7 9. Qc2 h6 10. Be3 Nc5 {[#]} 11. Bh7+ $146 ({Predecessor:} 11. Bxc5 dxc5 12. O-O-O Bd6 13. h3 Qf6 14. Kb1 a6 15. Rde1 Be6 16. Re2 b5 17. Nd2 {1-0 (52) Giaccio,A (2467)-Limberg,E (2076) Sao Paulo 2005}) 11... Kh8 12. O-O-O b6 13. b4 Ne6 (13... f5 $11 {remains equal.} 14. Bg6 Ne4) 14. Be4 $16 Rb8 {[#]} 15. Ne5 $1 Bd7 (15... Bb7 16. Bxb7) 16. Nc6 Bxc6 17. Bxc6 {[%cal Oh2h4]} Qc8 18. Kb2 Nd8 19. Bf3 f5 {Inhibits g4.} 20. Rhe1 {[%cal Oe3h6] Bxh6! is the strong threat.} Bf6 21. Qd2 (21. a3 $16) 21... Nf7 $1 $11 {The position is equal.} 22. Bd5 c6 $1 23. Bxf7 Rxf7 24. Qxd6 {Hoping for Bf4.} a5 $1 25. a3 Ra7 26. Bd4 Bxd4 27. cxd4 axb4 28. axb4 Rba8 {[#] ( -> ...Ra2+)} 29. Ra1 {Inhibits Ra2+. Active counter play!} Rxa1 30. Rxa1 Rxa1 31. Kxa1 {[%mdl 4096] Endgame Strongly threatening Kb2. KQ-KQ} Qa6+ 32. Kb2 Qxc4 33. Qb8+ Kh7 34. Qxb6 Qe2+ $1 35. Kc3 Qe1+ 36. Kd3 Qd1+ 37. Kc3 {Weighted Error Value: White=0.11 (very precise) /Black=0.08 (flawless)} 1/2-1/2

[Event "Marienbad GM-II 2022"]
[Site "Marianske Lazne"]
[Date "2022.01.18"]
[Round "5.9"]
[White "Rasik, Vitezslav"]
[Black "Kusa, Jakub"]
[Result "1/2-1/2"]
[WhiteElo "2424"]
[BlackElo "2312"]
[Annotator "TA"]
[PlyCount "114"]
[EventDate "2022.01.15"]
[EventType "tourn"]
[EventCountry "CZE"]
[SourceTitle "playchess.com"]
[Source "ChessBase"]
[SourceQuality "1"]

{[%evp 17,114,-10,-12,-22,-15,-16,0,0,3,-35,-29,-39,-20,-52,-58,-52,-60,-53,0,0,0,0,0,0,-12,-21,-23,-12,0,0,0,0,9,13,10,10,10,10,11,11,14,6,52,10,118,131,377,358,338,164,193,129,118,132,207,139,138,28,28,26,26,0,0,0,0,0,0,0,0,0,16,0,0,0,0,0,0,6,195,172,283,257,264,270,260,129,233,217,410,28,28,28,28,0,0,0,0,0,0]} 1. e4 e5 2. Nf3 Nc6 3. Bb5 a6 4. Bxc6 dxc6 5. Nc3 f6 6. d4 exd4 7. Nxd4 {[%cal Bf3d4,Bd4e2,Be2f4][%mdl 32]} c5 8. Nde2 Qxd1+ 9. Nxd1 Be6 10. Be3 {C68: Ruy Lopez: Exchange Variation, sidelines.} O-O-O 11. Ndc3 Bd6 12. O-O-O Ne7 13. Nf4 Bf7 {[#]} 14. h3 $146 ({Predecessor:} 14. f3 b6 15. Rd2 Be5 16. Nfe2 Rxd2 17. Bxd2 Nc6 18. Bf4 Bd4 19. Nd5 Bxd5 20. exd5 {½-½ (35) Atabayev,S (2425)-Postny,E (2611) Chess.com INT 2020}) 14... Rhe8 15. g4 Nc6 16. Nh5 Bxh5 17. gxh5 Be5 (17... Ne5 $15) 18. Rxd8+ $11 Nxd8 19. Rg1 Ne6 20. Ne2 Bd4 21. Rg3 Bxe3+ 22. Rxe3 {[%mdl 4096] Endgame KRN-KRN} g6 23. hxg6 hxg6 24. Rf3 Rf8 25. Nf4 Nxf4 26. Rxf4 {KR-KR} Kd7 27. Kd2 Ke6 28. Rh4 Rf7 {Inhibits Rh7.} 29. Ke3 b6 (29... Rd7 $11) 30. Rh6 (30. f4 $14 {feels stronger.}) 30... Rg7 (30... g5 $1 $11 {remains equal.}) 31. h4 $1 $16 g5 $2 (31... Rg8 $16) 32. hxg5 $18 Rxg5 33. Rh7 (33. f4 $142 Rg3+ 34. Kf2) 33... c6 34. Rc7 ({Better is} 34. f4 $18 Rg3+ 35. Kf2) 34... Kd6 $16 35. Rf7 Rg6 (35... Ke6 $16 {might work better.} 36. Ra7 a5) 36. c4 Rh6 {[#]} 37. Kf4 (37. f3 $1 $16) 37... Ke6 $11 38. Rb7 Rh4+ $1 39. Ke3 (39. Kg3 $5 {[%cal Rg3h4]} Rxe4 40. Rxb6 $16) 39... Ke5 40. f3 b5 41. Rb6 {[%csl LRa6,LRc6]} Kd6 42. Rxa6 {Hoping for cxb5.} bxc4 43. Ra8 Kd7 44. Kd2 Rh3 45. Ra3 Rh2+ $1 46. Kc3 Rf2 47. Kxc4 Rxb2 $2 (47... Rc2+ $1 $11 {and Black stays safe.} 48. Kb3 Rf2) 48. Kxc5 $18 {Black must now prevent Ra7+.} Rc2+ (48... Rb5+ {was called for.} 49. Kc4 f5) 49. Kd4 Kd6 50. Ke3 Ke5 51. Kd3 (51. f4+ $18 {is more deadly.} Kd6 52. Ra8) 51... Rf2 (51... Rc1 $16 {keeps fighting.} 52. Ra5+ Ke6) 52. Ra5+ c5 $2 {[#]} (52... Kd6 {was worth a try.} 53. Rf5 Ke6) 53. Rxc5+ $2 (53. Ke3 $1 $18 {[%cal Re3f2]} Rc2 54. f4+ Kd6 55. Ra6+ Ke7 56. Ra7+ Kd6 57. Ra6+ Ke7 58. f5) 53... Ke6 $1 $11 54. Rc6+ Ke7 55. a4 {Threatens to win with Ke3.} Rxf3+ {The position is equal.} 56. Kc2 Rf4 57. Kd3 f5 {Weighted Error Value: White=0.26 (precise) /Black=0.31} 1/2-1/2

[Event "Marienbad GM-II 2022"]
[Site "Marianske Lazne"]
[Date "2022.01.18"]
[Round "5.10"]
[White "Malinovsky, Karel"]
[Black "Braeuer, Franz"]
[Result "1/2-1/2"]
[WhiteElo "2471"]
[BlackElo "2435"]
[Annotator "TA"]
[PlyCount "69"]
[EventDate "2022.01.15"]
[EventType "tourn"]
[EventCountry "CZE"]
[SourceTitle "playchess.com"]
[Source "ChessBase"]
[SourceQuality "1"]

{[%evp 12,69,14,9,11,10,21,0,0,0,0,8,0,0,0,0,5,0,49,51,55,53,51,54,64,57,57,56,56,58,55,45,62,28,49,37,45,57,39,28,54,0,0,0,0,0,0,0,0,0,0,0,0,0,0,0,0,0,0,0]} 1. e4 c5 2. Nf3 d6 3. d4 cxd4 4. Nxd4 Nf6 5. Nc3 a6 6. Bg5 Nbd7 7. Bc4 {7.Qe2 is the modern continuation.} Qb6 {B94: Sicilian Najdorf: 6 Bg5 Nbd7.} 8. Bb3 e6 $1 9. Bxf6 Nxf6 10. Qd2 {10.f4 is vanishing.} Nd7 11. f4 {[%cal Bf2f4,Bf4f5][%mdl 32]} Nc5 12. f5 Bd7 {To avoid Na4} 13. O-O-O Be7 {To avoid Qg5} 14. Kb1 {[#]} O-O-O $146 (14... Bf6 $11) ({Predecessor:} 14... Bf6 15. Nf3 O-O-O 16. fxe6 {½-½ (16) Mishin,A (2330)-Morozov,D (2376) ICCF email 2014}) 15. fxe6 $14 fxe6 {[#]} 16. Bxe6 $1 Nxe6 17. Nd5 {[%csl LRb6,LRe7]} Qxd4 18. Qxd4 Nxd4 19. Nxe7+ Kb8 {[#] aiming for ...Nc6.} 20. Rxd4 Rde8 21. Nd5 Rhf8 22. Kc1 Rf2 23. Rg1 Ref8 24. Nc3 Kc7 25. Rd2 Rf1+ 26. Rd1 ({Better is} 26. Rxf1 $1 $14 Rxf1+ 27. Rd1) 26... Rxg1 $11 {The position is equal.} 27. Rxg1 {[%mdl 4096] Endgame KRB-KRN} Rf2 28. Nd1 Re2 29. Nc3 Rf2 30. h4 Bc6 31. g3 Kd7 32. Nd5 Re2 33. Nc3 Rf2 34. Nd5 Re2 35. Nc3 {Weighted Error Value: White=0.06 (flawless) /Black=0.03 (flawless)} 1/2-1/2

[Event "Marienbad GM-II 2022"]
[Site "Marianske Lazne"]
[Date "2022.01.19"]
[Round "6.6"]
[White "Lalith Babu M R"]
[Black "Braeuer, Franz"]
[Result "1/2-1/2"]
[WhiteElo "2553"]
[BlackElo "2435"]
[Annotator "TA RC"]
[PlyCount "43"]
[EventDate "2022.01.15"]
[EventType "tourn"]
[EventCountry "CZE"]
[SourceTitle "playchess.com"]
[Source "ChessBase"]
[SourceQuality "1"]

{[%evp 18,43,14,10,17,6,46,20,18,13,17,22,15,13,14,5,31,34,27,32,32,7,47,0,10,0,8,-14]} 1. d4 Nf6 2. c4 e6 3. Nf3 d5 4. g3 Bb4+ 5. Bd2 Be7 6. Bg2 c6 7. Qc2 O-O 8. O-O Nbd7 9. Rd1 b6 10. b3 a5 $1 {[%mdl 4] now scores much better than the old 10...Ba6. E11: Bogo-Indian.} 11. Bc3 Ne4 12. Bb2 Bb7 13. Nc3 {[%cal Bb1c3,Bc3e2,Be2c1,Bc1d3,Bd3e5][%mdl 32]} f5 14. e3 {[#]} Rc8 $146 ({Predecessor:} 14... Bd6 15. Ne5 Rc8 16. Rac1 Qe7 17. Na4 Nxe5 18. dxe5 Bc7 19. f3 Ng5 20. h4 Nf7 {1-0 (39) Cheparinov,I (2664)-Dragnev,V (2535) Warsaw 2021}) 15. Ne2 g5 {Inhibits Nf4.} 16. Ne5 Qe8 17. Nxd7 Qxd7 18. f3 Nf6 19. c5 b5 20. Nc1 (20. Qd2 $5 {[%cal Rd2a5]}) 20... Bd8 21. Nd3 {[%cal Oe3e4]} g4 22. Ne5 {Weighted Error Value: White=0.09 (flawless) /Black=0.10 (very precise)} 1/2-1/2

[Event "Marienbad GM-II 2022"]
[Site "Marianske Lazne"]
[Date "2022.01.19"]
[Round "6.7"]
[White "Kusa, Jakub"]
[Black "Malinovsky, Karel"]
[Result "1/2-1/2"]
[WhiteElo "2312"]
[BlackElo "2471"]
[Annotator "TA"]
[PlyCount "69"]
[EventDate "2022.01.15"]
[EventType "tourn"]
[EventCountry "CZE"]
[SourceTitle "playchess.com"]
[Source "ChessBase"]
[SourceQuality "1"]

{[%evp 18,69,10,13,10,0,11,8,10,16,17,12,46,18,20,13,29,15,33,21,32,22,43,39,41,36,52,-2,33,15,0,14,38,32,51,53,36,0,4,0,0,0,0,0,0,0,0,0,0,0,0,0,0,0]} 1. d4 d5 2. Nf3 Nf6 3. c4 e6 4. g3 Be7 5. Bg2 O-O 6. O-O dxc4 7. Qc2 a6 8. a4 Bd7 9. Qxc4 Bc6 10. Bf4 Bd6 {E05: Open Catalan: 5 Nf3 Be7.} 11. Qc1 Nbd7 12. Nc3 Qe7 13. Re1 Bxf4 14. Qxf4 Bxf3 15. Bxf3 c6 16. a5 {[#]} Rfd8 $146 ({Predecessor:} 16... Rad8 17. Bg2 Rfe8 18. Red1 e5 19. dxe5 Nxe5 20. b4 h6 21. Rab1 Ng6 22. Qc4 Ne5 {½-½ (39) Yakubboev,N (2598)-Navara,D (2675) Krasnaya Polyana 2021}) 17. Red1 Rac8 18. Bg2 Qb4 19. Qc1 Nd5 20. e4 Nc7 21. Ra4 Qe7 22. Ra1 ({White should play} 22. Rc4 $14) 22... Nb5 23. Nxb5 cxb5 24. Qe3 Nf6 25. Rac1 h6 26. Rxc8 Rxc8 27. e5 Nd5 {The position is equal.} 28. Bxd5 exd5 $11 {[%mdl 4096] Endgame KQR-KQR} 29. Rc1 Rc4 30. b3 Rxc1+ 31. Qxc1 Qb4 {[%csl LRa5,LRb3,LRd4]} 32. Qc8+ Kh7 33. Qf5+ Kg8 34. Qc8+ Kh7 35. Qf5+ {Weighted Error Value: White=0.08 (flawless) /Black=0.09 (flawless)} 1/2-1/2

[Event "Marienbad GM-II 2022"]
[Site "Marianske Lazne"]
[Date "2022.01.19"]
[Round "6.8"]
[White "Wachinger, Nikolas"]
[Black "Rasik, Vitezslav"]
[Result "1/2-1/2"]
[WhiteElo "2360"]
[BlackElo "2424"]
[Annotator "TA"]
[PlyCount "90"]
[EventDate "2022.01.15"]
[EventType "tourn"]
[EventCountry "CZE"]
[SourceTitle "playchess.com"]
[Source "ChessBase"]
[SourceQuality "1"]

{[%evp 12,90,38,25,39,33,35,43,59,38,29,33,116,27,52,0,39,47,36,43,29,39,32,35,39,26,46,58,50,35,47,42,35,25,40,43,47,7,0,-9,0,0,9,9,3,-28,0,-27,44,52,51,53,52,41,41,24,58,50,83,14,36,9,8,0,0,-16,-17,-45,-45,-63,-63,-63,-63,-63,-97,-97,0,0,0,0,0]} 1. e4 d6 2. d4 g6 3. Nc3 Bg7 4. Nf3 Nf6 5. h3 O-O 6. Be3 Nc6 7. d5 Nb8 {B08: Pirc Defence: Classical System.} 8. Qd2 c6 9. Bh6 a6 {White is slightly better.} 10. g4 b5 11. a3 {[#]} c5 $146 {[#]} (11... Bxh6 $14 12. Qxh6 Bb7) ({Predecessor:} 11... cxd5 12. exd5 Bb7 13. O-O-O Nbd7 14. Bxg7 Kxg7 15. h4 h5 16. gxh5 Nxh5 17. Rg1 Rc8 18. Bd3 Ndf6 19. Qg5 Rh8 20. Bxg6 Rxc3 21. Bxh5+ {1-0 (21) Jovanovic,Z (2503)-Vlasenko,M (2431) Chess.com INT 2020}) 12. Bd3 {White is more active.} ({White should play} 12. Be2 $1 $16) 12... Nbd7 13. O-O (13. Bxg7 $14 Kxg7 14. O-O) 13... c4 14. Be2 Nc5 15. Bxg7 Kxg7 16. e5 Nfd7 17. Qd4 Kg8 18. Rfe1 {[%cal Bf1e1,Be1e5,Be5e4,Be4d4][%mdl 32]} dxe5 19. Nxe5 Nxe5 20. Qxe5 Qd6 21. Bf1 Ra7 22. a4 {Hoping for Qxd6.} Qxe5 23. Rxe5 b4 24. Nb1 Rc7 25. Bxc4 Nd7 26. Re4 Nc5 27. Rd4 Rd8 {[%cal Oc5e6]} 28. c3 ({But not} 28. Nd2 e5 29. d6 Rc6 $15) 28... bxc3 (28... Ne6 {is more complex.} 29. dxe6 Rxd4 30. exf7+ Kf8 31. cxd4 Rxc4 32. Nd2 Rc2) 29. bxc3 {[#]} e5 (29... Ne6 $1 $11 30. dxe6 Rxd4 31. exf7+ Kf8 32. cxd4 Rxc4) 30. dxe6 $1 $14 Nxe6 31. Rxd8+ Nxd8 32. Nd2 Ne6 33. Rb1 Ng5 34. Kg2 $1 Kg7 35. a5 (35. f3 $16) 35... Rc5 36. Rb8 Be6 37. Bxa6 Bd5+ 38. Kh2 {And now Rb5 would win.} Rxc3 39. Bf1 Rc2 40. Rd8 Rxd2 41. Bg2 $1 Nf3+ 42. Kg3 Rd3 {White must now prevent ...Ne1+.} 43. Bf1 Rd1 ({Better is} 43... Rd4 $17 {Strongly threatening ...f5.} 44. a6 Bc6) 44. a6 $11 Rxf1 45. Rxd5 {Ra5 is the strong threat.} Ra1 {Inhibits Ra5.  Weighted Error Value: White=0.15 (very precise) /Black=0.16 (very precise)} 1/2-1/2

[Event "Marienbad GM-II 2022"]
[Site "Marianske Lazne"]
[Date "2022.01.19"]
[Round "6.9"]
[White "Finek, Vaclav"]
[Black "Stefansson, Hannes"]
[Result "1/2-1/2"]
[WhiteElo "2423"]
[BlackElo "2518"]
[Annotator "TA"]
[PlyCount "44"]
[EventDate "2022.01.15"]
[EventType "tourn"]
[EventCountry "CZE"]
[SourceTitle "playchess.com"]
[Source "ChessBase"]
[SourceQuality "1"]

{[%evp 13,44,23,8,14,19,7,18,14,21,7,15,16,11,18,13,-19,22,22,19,18,23,22,14,17,12,16,27,14,12,11,17,2,10]} 1. Nf3 Nf6 2. c4 c6 3. d4 d5 4. Qc2 dxc4 5. Qxc4 Bf5 6. g3 e6 7. Bg2 Be7 8. O-O {D23: Queen's Gambit Accepted: 3 Nf3 Nf6 sidelines.} O-O 9. e3 Nbd7 10. Qe2 $1 {The main line 10.Qe2 scores better than 10.Rd1.} Bg6 11. Rd1 Rc8 12. Nc3 b5 13. a3 a5 14. Bd2 {[#]} b4 $146 (14... Qb6 $142) ({Predecessor:} 14... Qb6 15. Be1 h6 16. b3 b4 17. axb4 axb4 18. Na4 Qb5 19. Qb2 c5 20. dxc5 Nxc5 {½-½ (47) Laznicka,V (2637)-Alsina Leal,D (2523) Pamplona 2009}) 15. axb4 $11 axb4 16. Na4 Be4 17. Nc5 Nxc5 18. dxc5 Bxc5 {[#]} 19. Bxb4 $1 Qe7 (19... Qb6 20. Bc3) 20. Bxc5 Qxc5 {The position is equal.} 21. Rac1 Qa5 22. Nd2 Bxg2 {An even fight not without its subleties.  Weighted Error Value: White=0.06 (flawless) /Black=0.04 (flawless)} 1/2-1/2

[Event "Marienbad GM-II 2022"]
[Site "Marianske Lazne"]
[Date "2022.01.19"]
[Round "6.10"]
[White "Ghazarian, Kirk"]
[Black "Sorm, Daniel"]
[Result "1/2-1/2"]
[WhiteElo "2346"]
[BlackElo "2348"]
[Annotator "TA"]
[PlyCount "51"]
[EventDate "2022.01.15"]
[EventType "tourn"]
[EventCountry "CZE"]
[SourceTitle "playchess.com"]
[Source "ChessBase"]
[SourceQuality "1"]

{[%evp 15,51,32,35,2,6,0,3,-14,28,0,33,25,42,0,0,0,0,0,0,0,10,14,2,0,-7,-6,20,18,27,23,27,-16,0,-31,-39,-46,-43,-45]} 1. d4 f5 2. c4 Nf6 3. Nc3 d6 4. Nf3 g6 5. g3 Bg7 6. Bg2 O-O 7. O-O c6 {7...Nc6 is a critical line.} 8. Rb1 Qc7 9. Qc2 {A88: Dutch Defence: Leningrad System: 5 Nf3 0-0 6 0-0 d6 7 Nc3 c6.} e5 10. dxe5 dxe5 {[#]} 11. e4 $146 {The position is equal.} ({Predecessor:} 11. Rd1 Na6 12. b4 f4 13. gxf4 exf4 14. Qb3 Bf5 15. Rb2 h6 16. Rbd2 Rae8 17. Ba3 {0-1 (45) Nestorovic,I (2037)-Maric,M (2264) Novi Sad 2010}) 11... f4 (11... a5 $142 $1) 12. b3 fxg3 13. hxg3 Qe7 14. Be3 (14. b4 $14) 14... Ng4 15. Bg5 Bf6 16. Qd2 Na6 17. Rbd1 Nc5 18. Bxf6 Qxf6 19. Qg5 Qxg5 20. Nxg5 h6 21. Nf3 Be6 22. Rd6 {Threatens to win with b4.} Rf6 23. Rfd1 (23. b4 {was preferrable.} Na6 24. a3) 23... Raf8 24. Rd8 (24. b4 $5 {[%cal Rb4c5]} Na6 25. b5 cxb5 26. Nd5 (26. cxb5 Nc5 $11) 26... Bxd5 27. Rxf6 Nxf6 28. cxd5 $11) 24... a5 25. Rxf8+ Kxf8 26. Rd2 {Weighted Error Value: White=0.14 (very precise) /Black=0.09 (flawless)} 1/2-1/2

[Event "Marienbad GM-II 2022"]
[Site "Marianske Lazne"]
[Date "2022.01.20"]
[Round "7.6"]
[White "Sorm, Daniel"]
[Black "Lalith Babu M R"]
[Result "0-1"]
[WhiteElo "2348"]
[BlackElo "2553"]
[Annotator "TA"]
[PlyCount "74"]
[EventDate "2022.01.15"]
[EventType "tourn"]
[EventCountry "CZE"]
[SourceTitle "playchess.com"]
[Source "ChessBase"]
[SourceQuality "1"]

{[%evp 20,74,35,13,34,27,26,20,22,17,27,23,45,24,19,0,0,-8,34,10,19,0,7,-41,-34,-45,-68,-47,-34,-27,-32,-40,-27,-37,-38,-38,-10,-17,-15,-759,-773,-767,-724,-1423,-713,-29986,-29987,-29987,-29988,-29988,-29989,-29987,-29988,-29988,-29989,-29998,-29999]} 1. d4 Nf6 2. c4 e6 3. Nc3 Bb4 4. e3 b6 5. Bd3 Bb7 6. Nf3 O-O 7. O-O c5 8. Bd2 d6 9. a3 Bxc3 10. Bxc3 Nbd7 11. Qe2 Rc8 $5 {[%mdl 4] An interesting side line. E43: Nimzo-Indian: Rubinstein: 4...b6.} 12. Rfd1 Qe7 {[#]} 13. b3 $146 ({Predecessor:} 13. Rac1 Rfd8 14. Bb1 cxd4 15. exd4 Bxf3 16. gxf3 Re8 17. Bd2 d5 18. Bb4 Qd8 19. b3 {0-1 (27) Valdeblanquez,J (1937)-Valderrama Quiceno,E (2374) Quibdo 2015}) 13... Rfd8 {The position is equal.} 14. Bb2 Be4 15. Bxe4 Nxe4 16. d5 exd5 17. cxd5 Re8 18. Ne1 Nef6 (18... f5 $11) 19. Rac1 Qe4 20. Rc4 Qf5 21. g4 (21. Rc2 $11 {might be stronger.}) 21... Qg6 22. Ng2 b5 23. Rf4 c4 (23... h5 {is interesting.} 24. gxh5 Qxh5 25. Qxh5 Nxh5 26. Rh4 Nhf6) 24. bxc4 bxc4 {Hoping for ...c3.} 25. Rxc4 Rxc4 26. Qxc4 Nxg4 {White must now prevent ...Qh5.} 27. Qa4 Rd8 {With the idea ...Nde5.} 28. h3 $1 Nge5 29. f4 $2 {[%mdl 8192] [#] Now White is beyond hope.} (29. Bxe5 $11 Nxe5 30. f4) 29... Nc5 $1 $19 30. Qa5 (30. f5 Qxf5) 30... Nf3+ {Pair of Knights!} 31. Kf2 Qc2+ 32. Kg3 Ne4+ {Black mates.} 33. Kxf3 Qxd1+ 34. Kxe4 Re8+ 35. Be5 f5+ {[%mdl 64] [#] Decoy} 36. Kxf5 Qc2+ 37. e4 Qxg2 {Weighted Error Value: White=0.79/Black=0.21 (precise)} 0-1